[Event "WCO2014"]
[Site "Tromso"]
[Date "2014.08.09"]
[Round "7.14"]
[WhiteID "4134877"]
[White "Kaydanovich Marina"]
[BlackID "8200521"]
[Black "Ramos Dos Rosangela"]
[Result "1-0"]
[LiveChessVersion "1.4.3"]
[BlackElo "1723"]
[WhiteElo "1851"]

1. d4 {[%clk 1:30:59]} d5 {[%clk 1:30:56]} 2. c4 {[%clk 1:31:16]} e6
{[%clk 1:31:23]} 3. Nc3 {[%clk 1:31:29]} Nf6 {[%clk 1:31:44]} 4. Nf3
{[%clk 1:31:26]} Be7 {[%clk 1:31:09]} 5. a3 {[%clk 1:31:07]} O-O {[%clk 1:30:21]}
6. Bf4 {[%clk 1:25:22]} c6 {[%clk 1:26:49]} 7. e3 {[%clk 1:22:46]} Nbd7
{[%clk 1:25:38]} 8. h3 {[%clk 1:16:43]} h6 {[%clk 1:24:19]} 9. Rc1
{[%clk 1:16:42]} dxc4 {[%clk 1:02:58]} 10. Bxc4 {[%clk 1:16:53]} Nd5
{[%clk 1:02:14]} 11. Nxd5 {[%clk 1:11:12]} exd5 {[%clk 1:01:46]} 12. Bd3
{[%clk 1:10:22]} Nf6 {[%clk 1:00:08]} 13. O-O {[%clk 1:07:45]} Re8
{[%clk 0:55:00]} 14. Ne5 {[%clk 1:04:10]} Bd6 {[%clk 0:52:54]} 15. Bb1
{[%clk 1:03:43]} c5 {[%clk 0:28:37]} 16. Qd3 {[%clk 0:58:56]} c4 {[%clk 0:22:26]}
17. Qc2 {[%clk 0:58:58]} b5 {[%clk 0:22:23]} 18. Nc6 {[%clk 0:55:53]} Qc7
{[%clk 0:21:28]} 19. Bxd6 {[%clk 0:56:12]} Qxd6 {[%clk 0:21:43]} 20. Ne5
{[%clk 0:56:27]} Qe7 {[%clk 0:18:58]} 21. f3 {[%clk 0:50:09]} g6 {[%clk 0:17:19]}
22. e4 {[%clk 0:48:32]} Be6 {[%clk 0:12:48]} 23. Qd2 {[%clk 0:46:04]} Kg7
{[%clk 0:12:15]} 24. Rfe1 {[%clk 0:45:04]} Rac8 {[%clk 0:10:36]} 25. Ng4
{[%clk 0:39:29]} Bxg4 {[%clk 0:08:10]} 26. hxg4 {[%clk 0:39:52]} Qd8
{[%clk 0:06:24]} 27. e5 {[%clk 0:40:08]} Nh7 {[%clk 0:06:20]} 28. f4
{[%clk 0:38:44]} a6 {[%clk 0:04:08]} 29. f5 {[%clk 0:38:31]} Qg5 {[%clk 0:03:37]}
30. Qxg5 {[%clk 0:32:57]} Nxg5 {[%clk 0:04:02]} 31. Re3 {[%clk 0:33:00]} a5
{[%clk 0:02:31]} 32. Rce1 {[%clk 0:32:44]} b4 {[%clk 0:02:09]} 33. e6
{[%clk 0:31:38]} fxe6 {[%clk 0:02:05]} 34. fxe6 {[%clk 0:32:00]} Re7
{[%clk 0:01:26]} 35. Re5 {[%clk 0:31:58]} c3 {[%clk 0:01:01]} 36. bxc3
{[%clk 0:30:51]} bxc3 {[%clk 0:01:26]} 37. Bc2 {[%clk 0:30:36]} Rd8
{[%clk 0:00:47]} 38. Bb3 {[%clk 0:29:35]} Rc8 {[%clk 0:00:40]} 39. Bxd5
{[%clk 0:29:30]} a4 {[%clk 0:00:45]} 40. Rc1 {[%clk 0:28:16]} c2 {[%clk 0:00:43]}
41. Ba2 {[%clk 0:28:08]} Rc3 {[%clk 0:22:56]} 42. d5 {[%clk 0:59:19]} Nf7
{[%clk 0:18:23]} 43. Re2 {[%clk 0:57:18]} Nd6 {[%clk 0:17:23]} 44. Rcxc2
{[%clk 0:57:08]} Rxc2 {[%clk 0:16:31]} 45. Rxc2 {[%clk 0:57:24]} Kf6
{[%clk 0:16:49]} 46. Rc6 {[%clk 0:57:34]} Ke5 {[%clk 0:16:44]} 47. Ra6
{[%clk 0:57:54]} 1-0

[Event "WCO2014"]
[Site "Tromso"]
[Date "2014.08.09"]
[Round "7.13"]
[WhiteID "8201080"]
[White "Romalho Gelique"]
[BlackID "14924242"]
[Black "Konkolova Nikola"]
[Result "1-0"]
[LiveChessVersion "1.4.3"]
[BlackElo "1481"]
[WhiteElo "1537"]

1. e4 {[%clk 1:30:57]} e5 {[%clk 1:30:53]} 2. Nf3 {[%clk 1:31:22]} Nc6
{[%clk 1:31:03]} 3. Bc4 {[%clk 1:31:46]} Bc5 {[%clk 1:30:53]} 4. c3
{[%clk 1:31:43]} Nf6 {[%clk 1:31:04]} 5. d3 {[%clk 1:31:53]} h6 {[%clk 1:30:47]}
6. b4 {[%clk 1:31:53]} Bb6 {[%clk 1:28:37]} 7. a4 {[%clk 1:31:58]} a6
{[%clk 1:28:40]} 8. O-O {[%clk 1:32:20]} d6 {[%clk 1:28:42]} 9. Nbd2
{[%clk 1:32:09]} O-O {[%clk 1:28:25]} 10. Bb3 {[%clk 1:32:10]} Bg4
{[%clk 1:25:20]} 11. Nc4 {[%clk 1:31:24]} Ba7 {[%clk 1:25:08]} 12. Be3
{[%clk 1:31:39]} d5 {[%clk 1:23:23]} 13. Bxa7 {[%clk 1:25:52]} dxc4
{[%clk 1:23:22]} 14. Bc5 {[%clk 1:20:26]} cxb3 {[%clk 1:18:38]} 15. Bxf8
{[%clk 1:20:46]} Qxf8 {[%clk 1:18:56]} 16. h3 {[%clk 1:16:38]} Be6
{[%clk 1:18:08]} 17. Nd2 {[%clk 1:17:01]} Rd8 {[%clk 1:17:11]} 18. Nxb3
{[%clk 0:43:13]} Bxb3 {[%clk 1:17:26]} 19. Qxb3 {[%clk 0:43:37]} Rxd3
{[%clk 1:16:29]} 20. f3 {[%clk 0:33:43]} Nd4 {[%clk 1:13:32]} 21. Qb2
{[%clk 0:24:14]} Rxc3 {[%clk 1:13:34]} 22. Rfc1 {[%clk 0:21:50]} Nb3
{[%clk 1:11:08]} 23. Qxc3 {[%clk 0:21:09]} Nxc1 {[%clk 1:11:21]} 24. Rxc1
{[%clk 0:21:22]} c6 {[%clk 1:11:35]} 25. Qc5 {[%clk 0:16:39]} Qxc5+
{[%clk 1:10:11]} 26. Rxc5 {[%clk 0:15:37]} Nd7 {[%clk 1:10:24]} 27. Rc1
{[%clk 0:14:35]} Nb6 {[%clk 1:09:20]} 28. a5 {[%clk 0:14:27]} Na4
{[%clk 1:08:59]} 29. Rd1 {[%clk 0:13:17]} b6 {[%clk 1:07:48]} 30. Ra1
{[%clk 0:10:34]} b5 {[%clk 1:05:20]} 31. Rc1 {[%clk 0:10:11]} Kf8
{[%clk 1:03:47]} 32. Rxc6 {[%clk 0:09:39]} Ke8 {[%clk 1:03:28]} 33. Rxa6
{[%clk 0:08:50]} Kd8 {[%clk 1:03:14]} 34. Rd6+ {[%clk 0:07:31]} Kc7
{[%clk 1:03:06]} 35. Rd5 {[%clk 0:07:08]} f6 {[%clk 1:02:47]} 36. Rxb5
{[%clk 0:06:23]} g6 {[%clk 1:02:30]} 37. a6 {[%clk 0:05:55]} Nb6 {[%clk 1:02:32]}
38. Ra5 {[%clk 0:05:38]} Kb8 {[%clk 1:01:25]} 39. Kf2 {[%clk 0:04:15]} h5
{[%clk 1:00:54]} 40. Rb5 {[%clk 0:03:52]} Ka7 {[%clk 1:00:56]} 41. Rxb6
{[%clk 0:03:57]} Kxb6 {[%clk 1:01:00]} 42. b5 {[%clk 0:04:11]} h4
{[%clk 0:57:16]} 43. Ke3 {[%clk 0:04:02]} f5 {[%clk 0:56:12]} 44. Kd3
{[%clk 0:03:48]} f4 {[%clk 0:55:15]} 45. Kc4 {[%clk 0:03:52]} 1-0

[Event "WCO2014"]
[Site "Tromso"]
[Date "2014.08.09"]
[Round "7.6"]
[WhiteID "15900053"]
[White "Arbona Avila Zaily M."]
[BlackID "11102470"]
[Black "Murray Donna"]
[Result "1-0"]
[LiveChessVersion "1.4.3"]
[BlackElo "1454"]
[WhiteElo "1526"]

1. e4 {[%clk 1:30:57]} e6 {[%clk 1:30:54]} 2. d4 {[%clk 1:31:15]} d5
{[%clk 1:31:17]} 3. exd5 {[%clk 1:31:37]} exd5 {[%clk 1:31:38]} 4. Bd3
{[%clk 1:31:45]} Bd6 {[%clk 1:31:40]} 5. h3 {[%clk 1:31:03]} Nc6 {[%clk 1:31:46]}
6. c3 {[%clk 1:30:34]} Nge7 {[%clk 1:31:06]} 7. Qc2 {[%clk 1:29:35]} Be6
{[%clk 1:30:41]} 8. Nf3 {[%clk 1:22:01]} h6 {[%clk 1:30:27]} 9. O-O
{[%clk 1:19:12]} Qd7 {[%clk 1:30:48]} 10. Re1 {[%clk 1:19:08]} O-O-O
{[%clk 1:30:55]} 11. b4 {[%clk 1:17:17]} Bf5 {[%clk 1:28:20]} 12. Ne5
{[%clk 1:08:08]} Bxd3 {[%clk 1:15:37]} 13. Qxd3 {[%clk 1:07:37]} Qe6
{[%clk 1:11:42]} 14. Nf3 {[%clk 1:03:23]} Qf6 {[%clk 1:09:22]} 15. b5
{[%clk 0:53:14]} Na5 {[%clk 1:09:34]} 16. Na3 {[%clk 0:52:12]} b6
{[%clk 1:06:42]} 17. Bb2 {[%clk 0:43:39]} g5 {[%clk 1:05:25]} 18. Rac1
{[%clk 0:38:06]} h5 {[%clk 1:00:01]} 19. c4 {[%clk 0:33:19]} g4 {[%clk 1:00:01]}
20. Ne5 {[%clk 0:32:53]} Qg5 {[%clk 0:29:57]} 21. Nxf7 {[%clk 0:23:26]} Qf4
{[%clk 0:30:00]} 22. Nxd6+ {[%clk 0:23:15]} Qxd6 {[%clk 0:29:46]} 23. cxd5
{[%clk 0:18:15]} Nxd5 {[%clk 0:29:43]} 24. Nc4 {[%clk 0:18:07]} Nxc4
{[%clk 0:27:09]} 25. Rxc4 {[%clk 0:17:12]} Nf4 {[%clk 0:21:42]} 26. Qf5+
{[%clk 0:16:35]} Kb8 {[%clk 0:21:13]} 27. Rc6 {[%clk 0:12:18]} Qb4
{[%clk 0:19:02]} 28. Bc3 {[%clk 0:11:45]} Rhf8 {[%clk 0:12:07]} 29. Qxf4
{[%clk 0:09:56]} Qxc3 {[%clk 0:10:55]} 30. Qxc7+ Ka8 {[%clk 0:10:56]} 31. Rxc3
{[%clk 0:09:54]} Rxd4 {[%clk 0:09:22]} 32. Qc6+ {[%clk 0:08:45]} Kb8
{[%clk 0:09:32]} 33. Re8+ {[%clk 0:08:47]} Rxe8 {[%clk 0:09:45]} 34. Qxe8+ 1-0

[Event "WCO2014"]
[Site "Tromso"]
[Date "2014.08.09"]
[Round "7.7"]
[WhiteID "11101610"]
[White "Ramsay Sheena"]
[BlackID "15900177"]
[Black "Jacobs Annelaine"]
[Result "1-0"]
[LiveChessVersion "1.4.3"]
[BlackElo "1680"]
[WhiteElo "1579"]

1. d4 {[%clk 1:30:50]} d6 {[%clk 1:30:53]} 2. Nf3 {[%clk 1:31:11]} g6
{[%clk 1:30:52]} 3. c3 {[%clk 1:30:55]} Bg7 {[%clk 1:27:40]} 4. Bg5
{[%clk 1:28:47]} Nf6 {[%clk 1:26:52]} 5. e3 {[%clk 1:28:50]} O-O {[%clk 1:23:38]}
6. Bd3 {[%clk 1:29:09]} Nbd7 {[%clk 1:18:57]} 7. O-O {[%clk 1:28:56]} c6
{[%clk 1:16:41]} 8. Nbd2 {[%clk 1:26:52]} Qc7 {[%clk 1:11:29]} 9. e4
{[%clk 1:18:57]} e5 {[%clk 1:03:54]} 10. Rc1 {[%clk 1:12:17]} Nb6
{[%clk 0:52:37]} 11. Re1 {[%clk 1:02:41]} Be6 {[%clk 0:43:06]} 12. a3
{[%clk 0:57:31]} Nfd7 {[%clk 0:33:19]} 13. Be3 {[%clk 0:49:59]} f5
{[%clk 0:28:21]} 14. Ng5 {[%clk 0:41:44]} Rae8 {[%clk 0:26:16]} 15. Nxe6
{[%clk 0:40:34]} Rxe6 {[%clk 0:19:03]} 16. exf5 {[%clk 0:40:52]} gxf5
{[%clk 0:19:04]} 17. Qh5 {[%clk 0:20:14]} e4 {[%clk 0:17:00]} 18. Bc2
{[%clk 0:17:21]} f4 {[%clk 0:10:43]} 19. Nxe4 {[%clk 0:11:37]} Rh6
{[%clk 0:08:44]} 20. Qg4 {[%clk 0:09:59]} fxe3 {[%clk 0:08:27]} 21. Rxe3
{[%clk 0:09:06]} Kh8 {[%clk 0:02:36]} 22. Rh3 {[%clk 0:08:35]} Rxh3
{[%clk 0:01:39]} 23. Qxh3 {[%clk 0:08:59]} h6 {[%clk 0:01:14]} 24. Qh5
{[%clk 0:04:47]} Qd8 {[%clk 0:00:45]} 25. Qg6 {[%clk 0:02:51]} Kg8
{[%clk 0:00:37]} 26. Nxd6 {[%clk 0:02:44]} Rf6 {[%clk 0:00:31]} 27. Qh7+
{[%clk 0:02:07]} Kf8 {[%clk 0:00:58]} 28. Bb3 {[%clk 0:01:32]} Nd5
{[%clk 0:00:36]} 29. Nf5 {[%clk 0:01:12]} Rf7 {[%clk 0:00:34]} 30. Re1
{[%clk 0:00:45]} N7f6 {[%clk 0:00:33]} 31. Qg6 {[%clk 0:00:38]} 1-0

[Event "WCO2014"]
[Site "Tromso"]
[Date "2014.08.09"]
[Round "7.8"]
[WhiteID "15900444"]
[White "De Mey Maria Paula"]
[BlackID "11101261"]
[Black "Nurse Lydia"]
[Result "0-1"]
[LiveChessVersion "1.4.3"]
[BlackElo "1364"]
[WhiteElo "1483"]

1. d4 {[%clk 1:30:14]} Nf6 {[%clk 1:30:01]} 2. Bf4 {[%clk 1:30:23]} g6
{[%clk 1:30:05]} 3. Nf3 {[%clk 1:30:20]} Bg7 {[%clk 1:29:55]} 4. e3
{[%clk 1:30:14]} O-O {[%clk 1:30:06]} 5. Bd3 {[%clk 1:30:04]} d5 {[%clk 1:25:51]}
6. Nbd2 {[%clk 1:28:53]} b6 {[%clk 1:24:56]} 7. c3 {[%clk 1:25:42]} Bb7
{[%clk 1:24:25]} 8. O-O {[%clk 1:25:27]} c5 {[%clk 1:22:26]} 9. b3
{[%clk 1:19:06]} Nc6 {[%clk 1:19:36]} 10. Rc1 {[%clk 1:12:35]} Rc8
{[%clk 1:14:51]} 11. e4 {[%clk 1:02:50]} dxe4 {[%clk 1:09:38]} 12. Nxe4
{[%clk 1:02:28]} Nxe4 {[%clk 1:08:12]} 13. Bxe4 {[%clk 1:02:46]} cxd4
{[%clk 1:06:49]} 14. cxd4 {[%clk 0:59:03]} Qd7 {[%clk 1:04:53]} 15. Re1
{[%clk 0:49:25]} Ba8 {[%clk 0:50:10]} 16. Bxc6 {[%clk 0:47:19]} Rxc6
{[%clk 0:46:55]} 17. Qd2 {[%clk 0:44:29]} Rxc1 {[%clk 0:45:50]} 18. Rxc1
{[%clk 0:44:33]} a5 {[%clk 0:39:13]} 19. Bh6 {[%clk 0:39:11]} Qg4
{[%clk 0:31:02]} 20. Rc3 {[%clk 0:39:13]} Qh5 {[%clk 0:29:32]} 21. Bxg7
{[%clk 0:38:58]} Kxg7 {[%clk 0:29:08]} 22. h3 {[%clk 0:36:06]} Rd8
{[%clk 0:26:41]} 23. Re3 {[%clk 0:32:05]} e6 {[%clk 0:26:04]} 24. Qc3
{[%clk 0:30:46]} Rd5 {[%clk 0:20:24]} 25. Re5 {[%clk 0:26:15]} Qh6
{[%clk 0:18:41]} 26. Qc7 {[%clk 0:22:49]} Kf6 {[%clk 0:17:13]} 27. Qxb6
{[%clk 0:18:21]} Qc1+ {[%clk 0:13:54]} 28. Re1 {[%clk 0:15:33]} Qc2
{[%clk 0:13:27]} 29. Qb8 {[%clk 0:14:39]} Bc6 {[%clk 0:11:53]} 30. Qf4+
{[%clk 0:13:59]} Rf5 {[%clk 0:11:27]} 31. Qd2 {[%clk 0:14:01]} Qxd2
{[%clk 0:10:47]} 32. Nxd2 {[%clk 0:14:24]} h5 {[%clk 0:10:54]} 33. Re5
{[%clk 0:12:34]} Rxe5 {[%clk 0:09:11]} 34. dxe5+ {[%clk 0:12:59]} Kf5
{[%clk 0:08:19]} 35. Nc4 {[%clk 0:11:34]} a4 {[%clk 0:08:30]} 36. Nd6+
{[%clk 0:10:51]} Kxe5 {[%clk 0:08:31]} 37. Nxf7+ {[%clk 0:11:11]} Kf6
{[%clk 0:07:50]} 38. Nd8 {[%clk 0:10:24]} Ba8 {[%clk 0:07:43]} 39. bxa4
{[%clk 0:08:59]} Ke7 {[%clk 0:08:05]} 40. Nxe6 {[%clk 0:09:03]} Kxe6
{[%clk 0:08:17]} 41. Kh2 {[%clk 0:08:08]} h4 {[%clk 0:08:03]} 42. g3
{[%clk 0:08:25]} g5 {[%clk 0:07:42]} 43. f4 {[%clk 0:01:17]} gxf4
{[%clk 0:06:10]} 44. gxh4 {[%clk 0:01:38]} Kf6 {[%clk 0:05:33]} 45. Kg1
{[%clk 0:01:36]} Kg6 {[%clk 0:05:22]} 46. Kf2 {[%clk 0:30:54]} Kh5
{[%clk 0:36:09]} 47. a3 {[%clk 0:30:57]} Kxh4 {[%clk 0:36:14]} 48. a5
{[%clk 0:31:10]} Kxh3 {[%clk 0:36:07]} 49. a4 {[%clk 0:31:30]} Kg4
{[%clk 0:35:20]} 50. a6 {[%clk 0:31:44]} f3 {[%clk 0:34:39]} 51. a5
{[%clk 0:31:39]} Bc6 {[%clk 0:34:18]} 52. a7 {[%clk 0:31:45]} Bd5
{[%clk 0:33:50]} 53. a6 {[%clk 0:30:44]} Ba8 {[%clk 0:34:10]} 54. Kg1
{[%clk 0:29:25]} Kg3 {[%clk 0:33:47]} 55. Kf1 {[%clk 0:29:23]} f2 0-1

[Event "WCO2014"]
[Site "Tromso"]
[Date "2014.08.09"]
[Round "7.24"]
[WhiteID "12100625"]
[White "Al-Khelaifi Aisha"]
[BlackID "2503999"]
[Black "Mirza Diana"]
[Result "1-0"]
[LiveChessVersion "1.4.3"]
[BlackElo "1734"]
[WhiteElo "1690"]

1. e4 {[%clk 1:30:56]} c5 {[%clk 1:30:55]} 2. Nf3 {[%clk 1:31:22]} e6
{[%clk 1:31:22]} 3. c3 {[%clk 1:31:30]} Nf6 {[%clk 1:31:47]} 4. e5
{[%clk 1:29:39]} Nd5 {[%clk 1:32:15]} 5. d4 {[%clk 1:29:41]} cxd4
{[%clk 1:32:43]} 6. cxd4 {[%clk 1:29:04]} d6 {[%clk 1:31:55]} 7. Bb5+
{[%clk 1:25:37]} Bd7 {[%clk 1:26:52]} 8. Bxd7+ {[%clk 1:25:03]} Nxd7
{[%clk 1:25:59]} 9. O-O {[%clk 1:23:56]} Be7 {[%clk 1:23:56]} 10. Nbd2
{[%clk 1:21:53]} dxe5 {[%clk 1:17:12]} 11. dxe5 {[%clk 1:20:58]} Qc7
{[%clk 1:17:23]} 12. Re1 {[%clk 1:17:51]} Nb4 {[%clk 1:11:55]} 13. Re4
{[%clk 1:11:03]} Nd3 {[%clk 1:05:16]} 14. Nc4 {[%clk 1:04:54]} N7c5
{[%clk 1:02:39]} 15. Rd4 {[%clk 0:55:06]} Rd8 {[%clk 0:56:43]} 16. Rxd8+
{[%clk 0:53:54]} Qxd8 {[%clk 0:57:03]} 17. Qc2 {[%clk 0:44:07]} O-O
{[%clk 0:40:53]} 18. Be3 {[%clk 0:41:12]} Qd5 {[%clk 0:39:54]} 19. Rd1
{[%clk 0:38:36]} Rd8 {[%clk 0:35:50]} 20. Nd6 {[%clk 0:33:35]} Bxd6
{[%clk 0:19:14]} 21. exd6 {[%clk 0:33:48]} Rc8 {[%clk 0:19:08]} 22. b4
{[%clk 0:30:31]} Qe4 {[%clk 0:08:08]} 23. bxc5 {[%clk 0:29:15]} Nxc5
{[%clk 0:08:36]} 24. Qxe4 {[%clk 0:29:21]} Nxe4 {[%clk 0:08:59]} 25. d7
{[%clk 0:29:44]} Rd8 {[%clk 0:09:16]} 26. Bxa7 {[%clk 0:29:43]} Nc3
{[%clk 0:08:04]} 27. Bb6 {[%clk 0:28:52]} 1-0

[Event "WCO2014"]
[Site "Tromso"]
[Date "2014.08.09"]
[Round "7.23"]
[WhiteID "2501597"]
[White "Lowry-O`reilly Hannah"]
[BlackID "12100145"]
[Black "Al-Khelaifi Kholoud"]
[Result "1-0"]
[LiveChessVersion "1.4.3"]
[BlackElo "1511"]
[WhiteElo "1731"]

1. d4 {[%clk 1:30:59]} d5 {[%clk 1:30:51]} 2. c4 {[%clk 1:31:25]} c6
{[%clk 1:31:10]} 3. Nc3 {[%clk 1:31:42]} Nf6 {[%clk 1:31:24]} 4. Nf3
{[%clk 1:29:15]} h6 {[%clk 1:27:29]} 5. cxd5 {[%clk 1:26:35]} cxd5
{[%clk 1:27:27]} 6. Qc2 {[%clk 1:26:24]} Nc6 {[%clk 1:24:29]} 7. e3
{[%clk 1:22:38]} e6 {[%clk 1:24:05]} 8. a3 {[%clk 1:22:42]} Bd6 {[%clk 1:23:26]}
9. Bd3 {[%clk 1:16:15]} O-O {[%clk 1:22:31]} 10. Bd2 {[%clk 1:13:01]} a6
{[%clk 1:21:19]} 11. O-O {[%clk 1:06:10]} Qc7 {[%clk 1:15:20]} 12. b4
{[%clk 0:59:21]} b5 {[%clk 1:11:08]} 13. Rfc1 {[%clk 0:56:36]} Bb7
{[%clk 1:09:35]} 14. e4 {[%clk 0:48:17]} dxe4 {[%clk 1:01:08]} 15. Nxe4
{[%clk 0:45:29]} Nxe4 {[%clk 1:00:49]} 16. Bxe4 {[%clk 0:45:47]} Rac8 17. d5
{[%clk 0:41:24]} exd5 {[%clk 0:57:38]} 18. Bxd5 {[%clk 0:41:21]} Rfd8
{[%clk 0:49:11]} 19. Be4 {[%clk 0:37:28]} Qd7 {[%clk 0:46:11]} 20. Bf5
{[%clk 0:35:08]} Nd4 {[%clk 0:40:09]} 21. Qxc8 {[%clk 0:31:02]} Bxc8
{[%clk 0:23:33]} 22. Bxd7 {[%clk 0:31:22]} Ne2+ {[%clk 0:23:15]} 23. Kf1
{[%clk 0:31:18]} Nxc1 {[%clk 0:22:47]} 24. Bxc8 {[%clk 0:30:59]} Nb3
{[%clk 0:22:56]} 25. Rd1 {[%clk 0:22:18]} Rxc8 {[%clk 0:20:09]} 26. Be3
{[%clk 0:13:35]} Bf8 {[%clk 0:15:00]} 27. Rd3 {[%clk 0:11:47]} Nc1
{[%clk 0:14:30]} 28. Rd7 {[%clk 0:10:33]} Rc3 {[%clk 0:12:05]} 29. Ra7
{[%clk 0:10:34]} Rxa3 {[%clk 0:06:01]} 30. Bxc1 {[%clk 0:09:19]} Ra1
{[%clk 0:06:18]} 31. Rc7 {[%clk 0:08:10]} Bxb4 {[%clk 0:06:10]} 32. Ne5
{[%clk 0:06:40]} Bd6 {[%clk 0:04:44]} 33. Rc8+ {[%clk 0:07:08]} Bf8
{[%clk 0:04:08]} 34. Nd7 {[%clk 0:07:07]} b4 {[%clk 0:03:23]} 35. Nxf8
{[%clk 0:05:41]} Rxc1+ {[%clk 0:02:40]} 36. Rxc1 {[%clk 0:05:54]} Kxf8
{[%clk 0:03:08]} 37. Ra1 {[%clk 0:06:03]} b3 {[%clk 0:01:22]} 38. Rxa6
{[%clk 0:06:22]} b2 {[%clk 0:01:19]} 39. Rb6 {[%clk 0:06:47]} Ke7
{[%clk 0:01:13]} 40. Rxb2 {[%clk 0:07:09]} Kf6 {[%clk 0:01:36]} 41. Rb7
{[%clk 0:07:29]} Kg6 {[%clk 0:27:27]} 42. Ke2 {[%clk 0:38:52]} Kf6
{[%clk 0:27:04]} 43. Ke3 {[%clk 0:36:12]} g5 {[%clk 0:26:48]} 44. Ke4
{[%clk 0:36:25]} Kg6 {[%clk 0:25:23]} 45. Ke5 {[%clk 0:36:37]} h5
{[%clk 0:21:33]} 46. Rb6+ {[%clk 0:36:36]} Kg7 {[%clk 0:21:49]} 47. Kf5
{[%clk 0:36:48]} g4 {[%clk 0:21:46]} 48. Kg5 {[%clk 0:36:57]} 1-0

[Event "WCO2014"]
[Site "Tromso"]
[Date "2014.08.09"]
[Round "7.22"]
[WhiteID "12100510"]
[White "Safar Alshaymaa"]
[BlackID "2501171"]
[Black "Ui Laighleis Gearoidin"]
[Result "0-1"]
[LiveChessVersion "1.4.3"]
[BlackElo "1830"]
[WhiteElo "1594"]

1. d4 {[%clk 1:30:57]} d5 {[%clk 1:30:52]} 2. c4 {[%clk 1:31:21]} e6
{[%clk 1:31:16]} 3. Nc3 {[%clk 1:31:46]} Nf6 {[%clk 1:31:27]} 4. cxd5
{[%clk 1:32:06]} exd5 {[%clk 1:31:50]} 5. Bg5 {[%clk 1:32:29]} Be7
{[%clk 1:32:09]} 6. e3 {[%clk 1:32:24]} c6 {[%clk 1:32:12]} 7. Nf3
{[%clk 1:32:37]} Nbd7 {[%clk 1:32:18]} 8. Bd3 {[%clk 1:32:50]} Nf8
{[%clk 1:31:08]} 9. h3 {[%clk 1:31:18]} Ne6 {[%clk 1:30:55]} 10. Bh4
{[%clk 1:30:37]} g6 {[%clk 1:30:45]} 11. Qc2 {[%clk 1:28:56]} Ng7
{[%clk 1:30:07]} 12. Bg3 {[%clk 1:25:26]} Bf5 {[%clk 1:27:18]} 13. O-O
{[%clk 1:21:49]} O-O {[%clk 1:26:19]} 14. Bxf5 {[%clk 1:20:28]} Nxf5
{[%clk 1:26:26]} 15. Bh2 {[%clk 1:20:48]} Rc8 {[%clk 1:18:23]} 16. Qb3
{[%clk 1:11:35]} Qb6 {[%clk 1:12:34]} 17. Qxb6 {[%clk 1:09:05]} axb6
{[%clk 1:12:54]} 18. Na4 {[%clk 1:02:35]} Bd8 {[%clk 1:11:02]} 19. g4
{[%clk 1:01:26]} Ng7 {[%clk 1:10:12]} 20. Be5 {[%clk 0:55:09]} Ne4
{[%clk 1:03:30]} 21. Nc3 {[%clk 0:51:08]} Ng5 {[%clk 0:59:29]} 22. Nxg5
{[%clk 0:49:09]} Bxg5 {[%clk 0:59:45]} 23. Na4 {[%clk 0:47:47]} Bd8
{[%clk 0:59:29]} 24. Nc3 {[%clk 0:47:25]} Ne6 {[%clk 0:57:41]} 25. Kh2
{[%clk 0:45:07]} Ra8 {[%clk 0:41:36]} 26. f4 {[%clk 0:44:47]} Re8
{[%clk 0:37:12]} 27. f5 {[%clk 0:42:47]} Ng7 {[%clk 0:31:39]} 28. Rae1
{[%clk 0:37:49]} b5 {[%clk 0:29:03]} 29. a3 {[%clk 0:37:39]} Ba5 {[%clk 0:27:57]}
30. b4 {[%clk 0:34:10]} Bd8 {[%clk 0:27:53]} 31. Nb1 {[%clk 0:33:27]} Bh4
{[%clk 0:24:16]} 32. Re2 {[%clk 0:33:19]} Bg5 {[%clk 0:24:13]} 33. Rf3
{[%clk 0:31:58]} Bh4 {[%clk 0:20:29]} 34. fxg6 {[%clk 0:21:43]} fxg6
{[%clk 0:11:03]} 35. Bg3 {[%clk 0:17:23]} Bxg3+ {[%clk 0:09:57]} 36. Kxg3
{[%clk 0:17:46]} Ne6 {[%clk 0:10:09]} 37. h4 {[%clk 0:17:15]} Nxd4
{[%clk 0:09:56]} 38. Rff2 {[%clk 0:15:26]} Nxe2+ {[%clk 0:10:02]} 39. Rxe2
{[%clk 0:15:54]} Kg7 {[%clk 0:07:35]} 40. g5 {[%clk 0:14:58]} Rf8
{[%clk 0:07:07]} 41. Kg2 {[%clk 0:14:45]} Rfe8 {[%clk 0:06:55]} 42. Kf3
{[%clk 0:10:38]} Re4 {[%clk 0:06:47]} 43. Kg3 {[%clk 0:09:34]} Rc4
{[%clk 0:04:54]} 44. Ra2 {[%clk 0:05:00]} Rxb4 {[%clk 0:04:55]} 0-1

[Event "WCO2014"]
[Site "Tromso"]
[Date "2014.08.09"]
[Round "7.41"]
[WhiteID "10100903"]
[White "Caxita Esperanca"]
[BlackID "10800794"]
[Black "Jumba Gloria"]
[Result "1-0"]
[LiveChessVersion "1.4.3"]
[BlackElo "1507"]
[WhiteElo "1727"]

1. e4 {[%clk 1:30:56]} e5 {[%clk 1:30:52]} 2. f4 {[%clk 1:31:10]} Bc5
{[%clk 1:31:13]} 3. Nf3 {[%clk 1:31:30]} Nc6 {[%clk 1:31:37]} 4. fxe5
{[%clk 1:30:44]} Nxe5 {[%clk 1:31:51]} 5. Nxe5 {[%clk 1:23:19]} Qh4+
{[%clk 1:32:15]} 6. g3 {[%clk 1:23:34]} Qxe4+ {[%clk 1:32:31]} 7. Qe2
{[%clk 1:23:57]} Qxh1 {[%clk 1:30:35]} 8. Ng6+ {[%clk 1:20:41]} Ne7
{[%clk 1:20:26]} 9. Nxh8 {[%clk 1:21:00]} Qd5 {[%clk 1:18:30]} 10. Nc3
{[%clk 1:19:01]} Qe6 {[%clk 1:18:05]} 11. Qxe6 {[%clk 1:12:11]} fxe6
{[%clk 1:15:57]} 12. Ne4 {[%clk 1:12:11]} Bg1 {[%clk 1:16:20]} 13. Ng5
{[%clk 1:10:45]} h6 {[%clk 1:12:54]} 14. Nf3 {[%clk 1:10:27]} Bb6
{[%clk 1:11:53]} 15. Bd3 {[%clk 1:10:11]} d6 {[%clk 1:05:11]} 16. b3
{[%clk 1:09:35]} Bd7 {[%clk 1:05:21]} 17. Ng6 {[%clk 1:09:50]} Bc6
{[%clk 1:01:59]} 18. Nfh4 {[%clk 1:07:31]} Ng8 {[%clk 0:55:42]} 19. Bb2
{[%clk 1:07:24]} e5 {[%clk 0:49:08]} 20. Bf5 {[%clk 1:07:01]} Kf7
{[%clk 0:47:48]} 21. Ke2 {[%clk 1:07:02]} Nf6 {[%clk 0:48:15]} 22. Rf1
{[%clk 1:06:36]} Re8 {[%clk 0:48:33]} 23. h3 {[%clk 1:05:50]} Kg8
{[%clk 0:47:56]} 24. g4 {[%clk 1:05:51]} Nh7 {[%clk 0:47:05]} 25. Nf3
{[%clk 1:04:52]} Ng5 {[%clk 0:38:14]} 26. Nxg5 {[%clk 0:59:34]} hxg5
{[%clk 0:38:34]} 27. h4 {[%clk 0:59:28]} gxh4 {[%clk 0:36:49]} 28. Nxh4
{[%clk 0:59:43]} a5 {[%clk 0:33:33]} 29. a4 {[%clk 0:59:08]} Ba7 {[%clk 0:33:47]}
30. c4 {[%clk 0:58:33]} Bc5 {[%clk 0:33:47]} 31. d3 {[%clk 0:57:33]} g5
{[%clk 0:29:09]} 32. Ng6 {[%clk 0:56:11]} Kg7 {[%clk 0:28:46]} 33. Bc3
{[%clk 0:55:19]} b6 {[%clk 0:25:52]} 34. Kd2 {[%clk 0:53:38]} Bg2
{[%clk 0:23:29]} 35. Re1 {[%clk 0:53:03]} Kf7 {[%clk 0:19:51]} 36. Kc2
{[%clk 0:51:39]} Bc6 {[%clk 0:09:07]} 37. Bd2 {[%clk 0:50:13]} Kf6
{[%clk 0:09:07]} 38. Be3 {[%clk 0:49:06]} Bb4 {[%clk 0:03:03]} 39. Rf1
{[%clk 0:49:00]} Kg7 {[%clk 0:02:08]} 40. Bxg5 {[%clk 0:48:16]} Bc5
{[%clk 0:02:07]} 41. Nh4 {[%clk 0:47:38]} e4 {[%clk 0:00:51]} 42. Bg6
{[%clk 0:47:04]} exd3+ {[%clk 0:30:39]} 43. Kxd3 {[%clk 1:18:21]} Rf8
{[%clk 0:30:43]} 44. Bh6+ {[%clk 1:15:43]} 1-0